000 00336 a2200109 4500
001 ART_49199
005 20260410162042.0
008 260409a
245 1 0 _aPequeños productores de tabaco, caña de azúcar, yerba mate y té
100 1 _aSantacruz, Lidia M.
773 0 _tImpuestos
_g- N°52 (mayo 2019)
_wREV45175
999 _c35006
_d35006